000 00402nam a22001217a 4500
003 SGT
082 _a920
_bM18T
100 _aथानकी, ज्योति
245 _aमहायोगी श्री अरविन्द :जीवन , कार्य
260 _b श्री अरविन्द सोसाइटी प्रकाशन
_c2018
300 _a527
942 _2ddc
_cBK
999 _c31965
_d31965